Inovace v IT posouvají privátní bankéře blíže ke klientovi. A co s tím má společného zelené IT?
Centrom pozornosti sa stáva klient. Zefektívnenie prístupov ku klientom v bankách tak, aby sa zlepšovala kvalita a dostupnosť služieb. Digitalizácia bankových procesov. Inovácie v informačných technológiách bánk.
Enregistré dans:
| Auteur principal: | |
|---|---|
| Format: | Chapitre de livre |
| Langue: | tchèque |
| Sujets: | |
| Tags: |
Pas de tags, Soyez le premier à ajouter un tag!
|
MARC
| LEADER | 00000naa a2200000 4500 | ||
|---|---|---|---|
| 001 | 0200196 | ||
| 005 | 20231211083654.8 | ||
| 041 | 0 | |a cze | |
| 044 | |a CZ | ||
| 245 | 1 | 0 | |a Inovace v IT posouvají privátní bankéře blíže ke klientovi. A co s tím má společného zelené IT? |c Lukáš Jeník |
| 520 | |a Centrom pozornosti sa stáva klient. Zefektívnenie prístupov ku klientom v bankách tak, aby sa zlepšovala kvalita a dostupnosť služieb. Digitalizácia bankových procesov. Inovácie v informačných technológiách bánk. | ||
| 610 | 2 | 0 | |a bankovníctvo |
| 610 | 2 | 0 | |a služby bankové |
| 610 | 2 | 0 | |a inovácia |
| 610 | 2 | 0 | |a kvalita služieb |
| 610 | 2 | 0 | |a klienti |
| 610 | 2 | 0 | |a banky |
| 610 | 2 | 0 | |a technológie informačné |
| 610 | 2 | 0 | |a technológie komunikačné |
| 100 | 1 | |a Jeník, Lukáš | |